000 00534cam a22001457a 4500
008 180718b1976 xxu||||| |||| 00| 0 eng d
082 _aZ46x54 G959
100 _aGupta, V.K.
245 _aWheat production, marketing, and procurement: a study in selected surplus and deficit areas
_cby V.K. Gupta and D.P. Mathur
260 _aAhmedabad
_bCentre for management in Agriculture, Indian Institute of Magement
_c1976
300 _a292p.
650 _aWheat --India --Gujarat
650 _aWheat --India --Punjab
700 _aMathur, D.P.
999 _c345417
_d345417